| 000 | 00733nam a2200193 a 4500 | ||
|---|---|---|---|
| 001 | 000030735 | ||
| 005 | 20200930062459.0 | ||
| 008 | 110526s1931 xxu 000 0 spa d | ||
| 040 |
_aDO-SdBNP _beng _cBNPHU |
||
| 082 |
_axxxx _bW541 |
||
| 100 | 1 |
_aWetmore, Alexander, _d1886-1978. _957312 |
|
| 245 | 1 | 0 |
_aThe birds of Haiti and Dominicana Republic. / _cAlexander Wetmore and Bradshaw H. Swales. |
| 260 |
_aWashington : _bUnited States Government Printing Office, _c1931. |
||
| 300 | _a483 p. | ||
| 490 | 1 | _aSmithsonian Institution. United States National museum. Bulletin 155 | |
| 504 | _aBibliography: p. 446-458 | ||
| 700 | 1 |
_aSwales, Bradshaw Hall, _d1875 _957313 |
|
| 810 | 1 |
_aUnited States. _bNational Museum _tBulletin _v155 _957314 |
|
| 999 |
_c30227 _d30227 |
||